[Event "Pobeskydi 2026"]
[Site "Frydek-Mistek, Czech Republic"]
[Date "2026.04.04"]
[Round "6.11"]
[White "Srnak, Martin"]
[Black "Sarkozi, Szabolcs"]
[Result "1/2-1/2"]
[TimeControl "90 min+30s/move"]
[WhiteTitle "-"]
[BlackTitle "-"]
[WhiteFideId "14973308"]
[BlackFideId "14941660"]
[WhiteElo "1837"]
[BlackElo "2117"]

1. d4 {[%clk 01:30:57]} {[%emt 00:00:02]} e6 {[%clk 01:30:45]} {[%emt
00:00:16]} 2. c4 {[%clk 01:30:50]} {[%emt 00:00:37]} d5 {[%clk 01:31:10]}
{[%emt 00:00:05]} 3. e3 {[%clk 01:30:26]} {[%emt 00:00:53]} c6 {[%clk
01:31:22]} {[%emt 00:00:20]} 4. Nf3 {[%clk 01:30:05]} {[%emt 00:00:50]} f5
{[%clk 01:31:34]} {[%emt 00:00:19]} 5. Bd3 {[%clk 01:29:38]} {[%emt 00:00:56]}
Nf6 {[%clk 01:29:06]} {[%emt 00:03:00]} 6. b3 {[%clk 01:29:22]} {[%emt
00:00:46]} Bd6 {[%clk 01:29:22]} {[%emt 00:00:12]} 7. O-O {[%clk 01:28:15]}
{[%emt 00:01:36]} Qe7 {[%clk 01:28:32]} {[%emt 00:01:22]} 8. Ne5 {[%clk
01:25:55]} {[%emt 00:02:50]} Nbd7 {[%clk 01:23:40]} {[%emt 00:05:22]} 9. f4
{[%clk 01:23:51]} {[%emt 00:02:35]} O-O {[%clk 01:06:07]} {[%emt 00:18:03]} 10.
Nd2 {[%clk 01:18:35]} {[%emt 00:05:45]} Ne4 {[%clk 01:05:48]} {[%emt 00:00:49]}
11. Nxe4 {[%clk 01:15:40]} {[%emt 00:03:20]} fxe4 {[%clk 01:03:41]} {[%emt
00:02:43]} 12. Bc2 {[%clk 01:13:26]} {[%emt 00:02:40]} Nf6 {[%clk 01:02:31]}
{[%emt 00:01:44]} 13. Bd2 {[%clk 01:10:59]} {[%emt 00:02:56]} Bd7 {[%clk
00:56:52]} {[%emt 00:06:09]} 14. c5 {[%clk 01:08:58]} {[%emt 00:02:31]} Bc7
{[%clk 00:44:34]} {[%emt 00:12:47]} 15. Qe2 {[%clk 01:04:49]} {[%emt 00:04:40]}
Be8 {[%clk 00:42:46]} {[%emt 00:02:18]} 16. Be1 {[%clk 01:02:25]} {[%emt
00:02:54]} Bxe5 {[%clk 00:31:35]} {[%emt 00:11:42]} 17. fxe5 {[%clk 01:02:24]}
{[%emt 00:00:30]} Bh5 {[%clk 00:30:44]} {[%emt 00:01:20]} 18. Qd2 {[%clk
01:01:21]} {[%emt 00:01:34]} Nd7 {[%clk 00:27:04]} {[%emt 00:04:10]} 19. Bg3
{[%clk 01:00:00]} {[%emt 00:01:51]} Rxf1+ {[%clk 00:19:59]} {[%emt 00:07:35]}
20. Rxf1 {[%clk 00:57:49]} {[%emt 00:02:40]} Rf8 {[%clk 00:19:28]} {[%emt
00:01:01]} 21. Rxf8+ {[%clk 00:58:11]} {[%emt 00:00:08]} Qxf8 {[%clk 00:19:30]}
{[%emt 00:00:27]} 22. Bd1 {[%clk 00:57:57]} {[%emt 00:00:44]} Bxd1 {[%clk
00:18:45]} {[%emt 00:01:16]} 23. Qxd1 {[%clk 00:58:20]} {[%emt 00:00:07]} b6
{[%clk 00:18:00]} {[%emt 00:01:15]} 24. b4 {[%clk 00:57:49]} {[%emt 00:01:01]}
bxc5 {[%clk 00:17:09]} {[%emt 00:01:22]} 25. bxc5 {[%clk 00:57:37]} {[%emt
00:00:42]} Qb8 {[%clk 00:17:08]} {[%emt 00:00:29]} 26. Qb3 {[%clk 00:57:20]}
{[%emt 00:00:48]} Kf7 {[%clk 00:11:07]} {[%emt 00:06:31]} 27. Qxb8 {[%clk
00:56:29]} {[%emt 00:01:21]} Nxb8 {[%clk 00:11:36]} {[%emt 00:00:02]} 28. Be1
{[%clk 00:55:30]} {[%emt 00:01:28]} Ke7 {[%clk 00:10:29]} {[%emt 00:01:37]} 29.
Kf2 {[%clk 00:55:15]} {[%emt 00:00:45]} Na6 {[%clk 00:09:21]} {[%emt 00:01:38]}
30. Ke2 {[%clk 00:54:30]} {[%emt 00:01:15]} Nc7 {[%clk 00:09:02]} {[%emt
00:00:49]} 31. a4 {[%clk 00:54:39]} {[%emt 00:00:20]} h5 {[%clk 00:07:39]}
{[%emt 00:01:54]} 32. g3 {[%clk 00:54:10]} {[%emt 00:00:59]} Kf7 {[%clk
00:07:41]} {[%emt 00:00:28]} 33. h3 {[%clk 00:53:39]} {[%emt 00:01:01]} Kg6
{[%clk 00:07:58]} {[%emt 00:00:13]} 34. Kf2 {[%clk 00:53:25]} {[%emt 00:00:44]}
Kg5 {[%clk 00:07:13]} {[%emt 00:01:15]} 35. Kg2 {[%clk 00:53:21]} {[%emt
00:00:33]} g6 {[%clk 00:05:23]} {[%emt 00:02:20]} 36. Kf2 {[%clk 00:53:27]}
{[%emt 00:00:25]} Ne8 {[%clk 00:04:58]} {[%emt 00:00:56]} 37. Kg2 {[%clk
00:53:31]} {[%emt 00:00:25]} Ng7 {[%clk 00:04:59]} {[%emt 00:00:28]} 38. Bf2
{[%clk 00:53:08]} {[%emt 00:00:54]} Nf5 {[%clk 00:04:50]} {[%emt 00:00:40]} 39.
Kh2 {[%clk 00:53:07]} {[%emt 00:00:30]} Ng7 {[%clk 00:02:24]} {[%emt 00:02:56]}
40. Kg2 {[%clk 00:52:55]} {[%emt 00:00:42]} Kf5 {[%clk 00:02:43]} {[%emt
00:00:11]} 41. Kh2 {[%clk 00:52:18]} {[%emt 00:01:07]} Ne8 {[%clk 00:02:35]}
{[%emt 00:00:38]} 42. Kg2 {[%clk 00:52:27]} {[%emt 00:00:21]} Nc7 {[%clk
00:02:55]} {[%emt 00:00:10]} 43. Be1 {[%clk 00:52:51]} {[%emt 00:00:06]} g5
{[%clk 00:01:51]} {[%emt 00:01:34]} 44. Kh2 {[%clk 00:53:06]} {[%emt 00:00:16]}
g4 {[%clk 00:01:51]} {[%emt 00:00:30]} 45. h4 {[%clk 00:53:23]} {[%emt
00:00:12]} Kg6 {[%clk 00:02:08]} {[%emt 00:00:12]} 46. Kg2 {[%clk 00:53:41]}
{[%emt 00:00:13]} Kf7 {[%clk 00:02:32]} {[%emt 00:00:06]} 47. Kf2 {[%clk
00:54:06]} {[%emt 00:00:05]} Ke8 {[%clk 00:02:55]} {[%emt 00:00:07]} 48. Ke2
{[%clk 00:54:30]} {[%emt 00:00:06]} Kd7 {[%clk 00:03:18]} {[%emt 00:00:08]} 49.
Kd2 {[%clk 00:54:51]} {[%emt 00:00:09]} Kc8 {[%clk 00:03:35]} {[%emt 00:00:12]}
50. Kc3 {[%clk 00:55:16]} {[%emt 00:00:06]} Kb7 {[%clk 00:03:53]} {[%emt
00:00:11]} 51. Kb4 {[%clk 00:55:35]} {[%emt 00:00:11]} Ka6 {[%clk 00:02:13]}
{[%emt 00:02:10]} 52. Kb3 {[%clk 00:55:20]} {[%emt 00:00:44]} Ne8 {[%clk
00:02:16]} {[%emt 00:00:27]} 53. Kb4 {[%clk 00:55:40]} {[%emt 00:00:12]} Ng7
{[%clk 00:02:27]} {[%emt 00:00:19]} 54. Bf2 {[%clk 00:55:59]} {[%emt 00:00:11]}
Nf5 {[%clk 00:02:40]} {[%emt 00:00:17]} 55. Kb3 {[%clk 00:56:19]} {[%emt
00:00:08]} Nh6 {[%clk 00:02:26]} {[%emt 00:00:45]} 56. Kb4 {[%clk 00:56:30]}
{[%emt 00:00:20]} Nf7 {[%clk 00:02:34]} {[%emt 00:00:21]} 57. Be1 {[%clk
00:56:41]} {[%emt 00:00:19]} Nd8 {[%clk 00:02:50]} {[%emt 00:00:14]} 58. Kb3
{[%clk 00:56:54]} {[%emt 00:00:17]} Nb7 {[%clk 00:02:58]} {[%emt 00:00:21]} 59.
Bc3 {[%clk 00:57:12]} {[%emt 00:00:10]} Na5+ {[%clk 00:02:45]} {[%emt
00:00:46]} 60. Bxa5 {[%clk 00:57:35]} {[%emt 00:00:08]} Kxa5 {[%clk 00:03:09]}
{[%emt 00:00:05]} 61. Ka3 {[%clk 00:58:01]} {[%emt 00:00:05]} a6 {[%clk
00:03:24]} {[%emt 00:00:14]} 62. Kb3 {[%clk 00:58:26]} {[%emt 00:00:05]}
1/2-1/2

[Event "Pobeskydi 2026"]
[Site "?"]
[Date "2026.04.04"]
[Round "6.12"]
[White "Buchtova, Viktorie"]
[Black "Kaplanova, Dominika"]
[Result "1-0"]
[WhiteElo "2055"]
[BlackElo "1869"]
[WhiteFideId "-1"]
[BlackFideId "-1"]
[PlyCount "79"]
[GameId "2295242246291555"]
[EventDate "2026.04.02"]

1. e4 e5 2. Nf3 Nf6 3. Nxe5 d6 4. Nf3 Nxe4 5. d4 d5 6. Bd3 Be7 7. O-O Nc6 8. Re1 Bf5 9. c4 Nb4 10. cxd5 Nxd3 11. Qxd3 Qxd5 12. Qe2 O-O 13. Nc3 Nxc3 14. Qxe7 Nb5 15. Re5 Qd7 16. Qxd7 Bxd7 17. Bf4 Rfe8 18. Rc5 b6 19. Rcc1 Bg4 20. a4 Bxf3 21. axb5 Be2 22. Bxc7 Bxb5 23. d5 Bd7 24. f3 f6 25. Ra3 b5 26. Kf2 a6 27. Rca1 Kf7 28. Rxa6 Rxa6 29. Rxa6 Rc8 30. Ra7 Ke7 31. Ke3 Re8 32. Kd4 Rc8 33. Kc5 Be8 34. Kb6 Bd7 35. b4 Re8 36. Kc5 Rc8 37. g3 Re8 38. Bd6+ Kd8 39. Ra8+ Bc8 40. Kc6 1-0

[Event "Pobeskydi 2026"]
[Site "?"]
[Date "2026.04.04"]
[Round "6.13"]
[White "Trybus, Daniel"]
[Black "Rybar, Matyas"]
[Result "1-0"]
[WhiteElo "2055"]
[BlackElo "1820"]
[WhiteFideId "-1"]
[BlackFideId "-1"]
[PlyCount "55"]
[GameId "2295204076929093"]
[EventDate "2026.04.02"]

1. g3 Nf6 2. Bg2 c5 3. Nf3 Nc6 4. O-O e6 5. d3 Be7 6. e4 O-O 7. b3 d6 8. Bb2 e5 9. Nbd2 h6 10. Nc4 Nd4 11. Ne3 Nxf3+ 12. Qxf3 Ne8 13. c3 Bg5 14. d4 Bxe3 15. Qxe3 Qc7 16. dxc5 dxc5 17. c4 Be6 18. f4 exf4 19. gxf4 Bg4 20. Qg3 Bh5 21. Qh4 g6 22. Bf3 Bxf3 23. Qxh6 f6 24. Qxg6+ Qg7 25. Qxg7+ Kxg7 26. Rxf3 Kf7 27. Rd1 Ke7 28. Rfd3 1-0

[Event "Pobeskydi 2026"]
[Site "?"]
[Date "2026.04.04"]
[Round "6.14"]
[White "Kendall, Arthur"]
[Black "Gebauer, Adam"]
[Result "1-0"]
[WhiteElo "2032"]
[BlackElo "1767"]
[WhiteFideId "-1"]
[BlackFideId "-1"]
[PlyCount "87"]
[GameId "2295242999763054"]
[EventDate "2026.04.02"]

1. d4 d5 2. Nf3 Nf6 3. e3 e6 4. Bd3 c5 5. c3 Nbd7 6. c4 cxd4 7. exd4 Bb4+ 8. Nc3 dxc4 9. Bxc4 Nb6 10. Bb3 O-O 11. O-O Nbd5 12. Qd3 Ne7 13. Rd1 Ng6 14. Qe2 Bxc3 15. bxc3 Qc7 16. c4 b6 17. Ba3 Rd8 18. d5 Ne8 19. Rac1 exd5 20. cxd5 Qf4 21. Rd4 Qf6 22. Re4 Bb7 23. Re1 Nd6 24. Re3 h6 25. Bb2 Qf4 26. g3 Qg4 27. Nd4 Qg5 28. Nf3 Qg4 29. Ne5 Nxe5 30. Rxe5 Qxe2 31. R1xe2 Rac8 32. Re7 a5 33. Bd4 Rc1+ 34. Re1 Rxe1+ 35. Rxe1 Nc8 36. Rc1 f6 37. Rc7 Ba6 38. d6+ Kf8 39. d7 Nd6 40. Bxb6 Ke7 41. Ra7 Rxd7 42. Rxa6 Ne4 43. Be3 g5 44. Re6+ 1-0

[Event "Pobeskydi 2026"]
[Site "?"]
[Date "2026.04.04"]
[Round "6.15"]
[White "Lorenc, Matej"]
[Black "Bjolek, Jan"]
[Result "1/2-1/2"]
[WhiteElo "1858"]
[BlackElo "2026"]
[WhiteFideId "-1"]
[BlackFideId "-1"]
[PlyCount "137"]
[GameId "2295246000206024"]
[EventDate "2026.04.02"]

1. e4 e6 2. d4 d5 3. Nd2 a6 4. Ngf3 c5 5. exd5 exd5 6. dxc5 Bxc5 7. Nb3 Bb6 8. Nbd4 Nc6 9. Be2 Nf6 10. O-O O-O 11. Re1 Re8 12. Bg5 h6 13. Bh4 g5 14. Bg3 Ne4 15. c4 Nxd4 16. Nxd4 Qf6 17. c5 Bxc5 18. Nf3 Nxg3 19. hxg3 g4 20. Qxd5 gxf3 21. Bxf3 Be7 22. Re2 Ra7 23. Rae1 b6 24. Qc6 Qxc6 25. Bxc6 Kf8 26. Bxe8 Kxe8 27. Rc2 Be6 28. a3 a5 29. Re5 Rd7 30. f4 Bc5+ 31. Kh2 Rd5 32. Rce2 Rxe5 33. Rxe5 Kf8 34. Re2 Kg7 35. Re4 Bf5 36. Rc4 Be6 37. Re4 Kf6 38. b4 axb4 39. axb4 Bf8 40. b5 Bc5 41. Re1 Bf5 42. Rd1 Bg4 43. Rd2 Ke6 44. Kh1 h5 45. Kh2 Ke7 46. Rc2 Be6 47. Re2 Kd6 48. Rd2+ Bd5 49. Kh3 Bb4 50. Re2 Be6+ 51. Kh4 Bg4 52. Rc2 Kd7 53. Kg5 Be7+ 54. Kh6 Bc5 55. Kg7 Ke7 56. Rc4 Bf5 57. Ra4 Bf2 58. Ra7+ Bd7 59. Rb7 Bd4+ 60. Kh6 f5 61. Kxh5 Ke6 62. g4 fxg4 63. f5+ Kd6 64. f6 Bxf6 65. Rxb6+ Ke7 66. g3 Be5 67. Rb7 Bxg3 68. Rxd7+ Kxd7 69. Kxg4 1/2-1/2

[Event "Pobeskydi 2026"]
[Site "Frydek-Mistek, Czech Republic"]
[Date "2026.04.05"]
[Round "7.1"]
[White "Szumiec, Jan"]
[Black "Gnojek, Petr"]
[Result "0-1"]
[TimeControl "90 min+30s/move"]
[WhiteTitle "-"]
[BlackTitle "-"]
[WhiteFideId "41815661"]
[BlackFideId "371807"]
[WhiteElo "1826"]
[BlackElo "2401"]

1. e4 {[%clk 01:30:59]} {[%emt 00:00:01]} d6 {[%clk 01:30:49]} {[%emt
00:00:11]} 2. d4 {[%clk 01:31:23]} {[%emt 00:00:05]} Nf6 {[%clk 01:31:13]}
{[%emt 00:00:06]} 3. Nc3 {[%clk 01:31:39]} {[%emt 00:00:14]} g6 {[%clk
01:31:31]} {[%emt 00:00:13]} 4. Nf3 {[%clk 01:31:38]} {[%emt 00:00:29]} Bg7
{[%clk 01:31:37]} {[%emt 00:00:26]} 5. Be3 {[%clk 01:31:29]} {[%emt 00:00:40]}
c6 {[%clk 01:31:43]} {[%emt 00:00:24]} 6. Qd2 {[%clk 01:30:55]} {[%emt
00:01:05]} b5 {[%clk 01:30:39]} {[%emt 00:01:34]} 7. Bd3 {[%clk 01:30:00]}
{[%emt 00:01:24]} O-O {[%clk 01:30:02]} {[%emt 00:01:06]} 8. Bh6 {[%clk
01:29:42]} {[%emt 00:00:48]} Bg4 {[%clk 01:20:57]} {[%emt 00:09:35]} 9. h4
{[%clk 01:30:03]} {[%emt 00:00:10]} Bxf3 {[%clk 01:12:38]} {[%emt 00:08:48]} 10.
gxf3 {[%clk 01:30:13]} {[%emt 00:00:19]} Nbd7 {[%clk 01:12:39]} {[%emt
00:00:31]} 11. O-O-O {[%clk 01:28:16]} {[%emt 00:02:26]} e5 {[%clk 01:12:31]}
{[%emt 00:00:40]} 12. h5 {[%clk 01:16:33]} {[%emt 00:12:12]} exd4 {[%clk
01:10:11]} {[%emt 00:02:50]} 13. Bxg7 {[%clk 01:12:58]} {[%emt 00:04:05]} Kxg7
{[%clk 01:10:32]} {[%emt 00:00:08]} 14. hxg6 {[%clk 01:12:36]} {[%emt
00:00:52]} fxg6 {[%clk 01:10:41]} {[%emt 00:00:22]} 15. Qh6+ {[%clk 01:11:49]}
{[%emt 00:01:14]} Kf7 {[%clk 01:08:10]} {[%emt 00:03:03]} 16. Ne2 {[%clk
01:10:40]} {[%emt 00:01:39]} c5 {[%clk 01:07:37]} {[%emt 00:01:04]} 17. Bxb5
{[%clk 01:09:20]} {[%emt 00:01:50]} Ne5 {[%clk 01:07:29]} {[%emt 00:00:39]} 18.
f4 {[%clk 01:04:32]} {[%emt 00:05:17]} Neg4 {[%clk 01:07:19]} {[%emt 00:00:40]}
19. Bc4+ {[%clk 01:01:48]} {[%emt 00:03:15]} d5 {[%clk 01:07:22]} {[%emt
00:00:26]} 20. Bxd5+ {[%clk 01:01:50]} {[%emt 00:00:28]} Qxd5 {[%clk 01:07:43]}
{[%emt 00:00:10]} 21. Qxf8+ {[%clk 01:00:14]} {[%emt 00:02:05]} Rxf8 {[%clk
01:07:57]} {[%emt 00:00:16]} 22. exd5 {[%clk 01:00:37]} {[%emt 00:00:07]} Nxf2
{[%clk 01:08:19]} {[%emt 00:00:07]} 23. c3 {[%clk 00:58:14]} {[%emt 00:02:54]}
Re8 {[%clk 01:02:28]} {[%emt 00:06:20]} 24. cxd4 {[%clk 00:50:27]} {[%emt
00:08:17]} Rxe2 {[%clk 01:02:23]} {[%emt 00:00:35]} 25. Rh2 {[%clk 00:50:29]}
{[%emt 00:00:29]} cxd4 {[%clk 01:02:25]} {[%emt 00:00:28]} 26. Kb1 {[%clk
00:49:19]} {[%emt 00:01:40]} d3 {[%clk 00:58:13]} {[%emt 00:04:42]} 27. Rxd3
{[%clk 00:48:14]} {[%emt 00:01:35]} Re1+ {[%clk 00:58:32]} {[%emt 00:00:11]} 28.
Kc2 {[%clk 00:48:39]} {[%emt 00:00:05]} Nxd3 {[%clk 00:58:56]} {[%emt
00:00:06]} 29. Kxd3 {[%clk 00:49:06]} {[%emt 00:00:03]} Rd1+ {[%clk 00:59:02]}
{[%emt 00:00:24]} 30. Kc4 {[%clk 00:49:29]} {[%emt 00:00:06]} h5 {[%clk
00:57:14]} {[%emt 00:02:18]} 31. b4 {[%clk 00:48:55]} {[%emt 00:01:05]} Nxd5
{[%clk 00:57:13]} {[%emt 00:00:31]} 32. a4 {[%clk 00:49:06]} {[%emt 00:00:18]}
Nxf4 {[%clk 00:56:20]} {[%emt 00:01:25]} 33. a5 {[%clk 00:49:11]} {[%emt
00:00:24]} g5 {[%clk 00:56:21]} {[%emt 00:00:29]} 34. b5 {[%clk 00:49:22]}
{[%emt 00:00:18]} Ke6 {[%clk 00:56:38]} {[%emt 00:00:13]} 35. b6 {[%clk
00:47:02]} {[%emt 00:02:51]} axb6 {[%clk 00:57:02]} {[%emt 00:00:06]} 36. axb6
{[%clk 00:47:17]} {[%emt 00:00:15]} Rb1 {[%clk 00:57:14]} {[%emt 00:00:18]} 37.
Kc5 {[%clk 00:47:41]} {[%emt 00:00:06]} g4 {[%clk 00:57:32]} {[%emt 00:00:11]}
38. Kc6 {[%clk 00:47:13]} {[%emt 00:00:59]} g3 {[%clk 00:57:55]} {[%emt
00:00:07]} 39. Rd2 {[%clk 00:46:07]} {[%emt 00:01:36]} g2 {[%clk 00:58:16]}
{[%emt 00:00:08]} 40. Rd6 {[%clk 00:46:26]} {[%emt 00:00:12]} Kf5 {[%clk
00:58:23]} {[%emt 00:00:22]} 41. Rd1 {[%clk 00:46:24]} {[%emt 00:00:32]} Rxd1
{[%clk 00:58:45]} {[%emt 00:00:09]} 42. b7 {[%clk 00:46:50]} {[%emt 00:00:04]}
Rb1 {[%clk 00:59:00]} {[%emt 00:00:15]} 43. b8=Q {[%clk 00:47:09]} {[%emt
00:00:09]} Rxb8 {[%clk 00:59:24]} {[%emt 00:00:08]} 44. Kc7 {[%clk 00:47:32]}
{[%emt 00:00:07]} g1=Q {[%clk 00:59:41]} {[%emt 00:00:12]} 45. Kxb8 {[%clk
00:47:57]} {[%emt 00:00:05]} Qg7 {[%clk 01:00:05]} {[%emt 00:00:07]} 46. Ka8
{[%clk 00:48:19]} {[%emt 00:00:08]} Nd5 {[%clk 01:00:29]} {[%emt 00:00:05]} 47.
Kb8 {[%clk 00:48:43]} {[%emt 00:00:07]} Qc7+ {[%emt 00:00:19]} 0-1

[Event "Pobeskydi 2026"]
[Site "Frydek-Mistek, Czech Republic"]
[Date "2026.04.05"]
[Round "7.2"]
[White "Plechacek, Matej"]
[Black "Walek, Petr"]
[Result "0-1"]
[TimeControl "90 min+30s/move"]
[WhiteTitle "-"]
[BlackTitle "-"]
[WhiteFideId "23763523"]
[BlackFideId "339393"]
[WhiteElo "1801"]
[BlackElo "2304"]

1. d4 {[%clk 01:30:59]} f5 {[%clk 01:30:48]} {[%emt 00:00:12]} 2. Qd3 {[%clk
01:31:20]} {[%emt 00:00:09]} e6 {[%clk 01:27:49]} {[%emt 00:03:29]} 3. g4
{[%clk 01:31:46]} {[%emt 00:00:04]} d5 {[%clk 01:09:00]} {[%emt 00:19:19]} 4.
gxf5 {[%clk 01:31:32]} {[%emt 00:00:43]} exf5 {[%clk 01:09:22]} {[%emt
00:00:08]} 5. Nf3 {[%clk 01:31:14]} {[%emt 00:00:48]} Nf6 {[%clk 00:56:59]}
{[%emt 00:12:53]} 6. Bg5 {[%clk 01:31:36]} {[%emt 00:00:08]} Be7 {[%clk
00:55:18]} {[%emt 00:02:11]} 7. c4 {[%clk 01:31:29]} {[%emt 00:00:37]} c6
{[%clk 00:36:48]} {[%emt 00:18:59]} 8. Nc3 {[%clk 01:31:37]} {[%emt 00:00:23]}
Be6 {[%clk 00:36:08]} {[%emt 00:01:10]} 9. Bxf6 {[%clk 01:25:12]} {[%emt
00:06:54]} Bxf6 {[%clk 00:36:26]} {[%emt 00:00:12]} 10. cxd5 {[%clk 01:25:33]}
{[%emt 00:00:10]} cxd5 {[%clk 00:36:12]} {[%emt 00:00:43]} 11. Bg2 {[%clk
01:23:53]} {[%emt 00:02:10]} Nc6 {[%clk 00:34:32]} {[%emt 00:02:11]} 12. e3
{[%clk 01:23:07]} {[%emt 00:01:16]} Qd7 {[%clk 00:32:31]} {[%emt 00:02:31]} 13.
a3 {[%clk 01:22:45]} {[%emt 00:00:51]} O-O {[%clk 00:30:40]} {[%emt 00:02:22]}
14. Ne2 {[%clk 01:19:40]} {[%emt 00:03:35]} Rac8 {[%clk 00:25:11]} {[%emt
00:05:59]} 15. Nf4 {[%clk 01:18:19]} {[%emt 00:01:51]} Rfe8 {[%clk 00:21:04]}
{[%emt 00:04:37]} 16. h4 {[%clk 01:16:35]} {[%emt 00:02:13]} Bf7 {[%clk
00:18:58]} {[%emt 00:02:37]} 17. Kf1 {[%clk 01:15:57]} {[%emt 00:01:09]} g6
{[%clk 00:15:05]} {[%emt 00:04:23]} 18. Nd2 {[%clk 01:04:10]} {[%emt 00:12:16]}
Na5 {[%clk 00:12:55]} {[%emt 00:02:40]} 19. Nb3 {[%clk 01:00:38]} {[%emt
00:04:03]} Nxb3 {[%clk 00:11:39]} {[%emt 00:01:46]} 20. Qxb3 {[%clk 01:01:01]}
{[%emt 00:00:07]} Rc4 {[%clk 00:12:06]} {[%emt 00:00:03]} 21. Bf3 {[%clk
01:00:39]} {[%emt 00:00:51]} Rec8 {[%clk 00:09:22]} {[%emt 00:03:14]} 22. Kg2
{[%clk 01:00:58]} {[%emt 00:00:12]} b6 {[%clk 00:07:21]} {[%emt 00:02:31]} 23.
Be2 {[%clk 01:00:59]} {[%emt 00:00:28]} Rc2 {[%clk 00:05:34]} {[%emt 00:02:17]}
24. Bd3 {[%clk 01:00:10]} {[%emt 00:01:20]} R2c7 {[%clk 00:05:51]} {[%emt
00:00:14]} 25. Ba6 {[%clk 00:59:36]} {[%emt 00:01:03]} Rd8 {[%clk 00:05:47]}
{[%emt 00:00:33]} 26. Be2 {[%clk 00:59:07]} {[%emt 00:00:59]} Qd6 {[%clk
00:05:16]} {[%emt 00:01:02]} 27. Bf3 {[%clk 00:59:17]} {[%emt 00:00:20]} h6
{[%clk 00:03:35]} {[%emt 00:02:10]} 28. Qd3 {[%clk 00:58:50]} {[%emt 00:00:58]}
Rc4 {[%clk 00:02:38]} {[%emt 00:01:27]} 29. Ne2 {[%clk 00:55:41]} {[%emt
00:03:38]} Qd7 {[%clk 00:02:30]} {[%emt 00:00:39]} 30. Ng3 {[%clk 00:55:29]}
{[%emt 00:00:42]} f4 {[%clk 00:02:28]} {[%emt 00:00:31]} 31. Ne2 {[%clk
00:55:35]} {[%emt 00:00:24]} fxe3 {[%clk 00:02:36]} {[%emt 00:00:23]} 32. fxe3
{[%clk 00:56:04]} {[%emt 00:00:01]} Rdc8 {[%clk 00:02:13]} {[%emt 00:00:53]} 33.
Nf4 {[%clk 00:55:28]} {[%emt 00:01:05]} Rc2+ {[%clk 00:02:34]} {[%emt
00:00:09]} 34. Kg3 {[%clk 00:55:24]} {[%emt 00:00:35]} Qd6 {[%clk 00:01:52]}
{[%emt 00:01:13]} 35. Bd1 {[%clk 00:52:24]} {[%emt 00:03:29]} Rxb2 {[%clk
00:01:41]} {[%emt 00:00:41]} 36. Kf3 {[%clk 00:51:59]} {[%emt 00:00:54]} Bg7
{[%clk 00:01:33]} {[%emt 00:00:39]} 37. Rg1 {[%clk 00:51:56]} {[%emt 00:00:33]}
Rh2 {[%clk 00:01:08]} {[%emt 00:00:54]} 38. Kg3 {[%clk 00:51:49]} {[%emt
00:00:38]} Rb2 {[%clk 00:01:10]} {[%emt 00:00:27]} 39. Kf3 {[%clk 00:52:18]}
{[%emt 00:00:02]} Qf6 {[%clk 00:01:17]} {[%emt 00:00:23]} 40. Rb1 {[%clk
00:51:27]} {[%emt 00:01:21]} Rxb1 {[%clk 00:01:16]} {[%emt 00:00:31]} 41. Qxb1
{[%clk 00:51:55]} {[%emt 00:00:01]} g5 {[%clk 00:00:56]} {[%emt 00:00:51]} 42.
hxg5 {[%clk 00:51:57]} {[%emt 00:00:28]} hxg5 {[%clk 00:01:22]} {[%emt
00:00:03]} 43. Bc2 {[%clk 00:52:11]} {[%emt 00:00:16]} Bh5+ {[%clk 00:00:39]}
{[%emt 00:01:14]} 44. Kf2 {[%clk 00:51:52]} {[%emt 00:00:48]} gxf4 {[%clk
00:01:04]} {[%emt 00:00:06]} 45. Bf5 {[%clk 00:51:28]} {[%emt 00:00:54]} fxe3+
{[%clk 00:01:04]} {[%emt 00:00:30]} 46. Kf1 {[%clk 00:51:35]} {[%emt 00:00:23]}
Rf8 {[%clk 00:00:53]} {[%emt 00:00:41]} 0-1